La France est-elle plus grande que...? - Statistiques

Statistiques générales
  • Ce quiz a été pris 113 fois
  • Le résultat moyen est 9 sur 15
Statistiques - réponses
Question Réponse % Correct
La France est-elle plus grande que la Turquie ? Non
100%
La France est-elle plus grande que le Chili ? Non
100%
La France est-elle plus grande que la Papouasie-Nouvelle-Guinée ? Oui
100%
La France est-elle plus grande que le Pakistan ? Non
67%
La France est-elle plus grande que la Namibie ? Non
67%
La France est-elle plus grande que le Turkménistan ? Oui
67%
La France est-elle plus grande que le Maroc ? Oui
67%
La France est-elle plus grande que le Kenya ? Oui
67%
La France est-elle plus grande que l'Afghanistan ? Oui
67%
La France est-elle plus grande que la Thaïlande ? Oui
67%
La France est-elle plus grande que le Cameroun ? Oui
67%
La France est-elle plus grande que la Birmanie ? Non
33%
La France est-elle plus grande que la Bolivie ? Non
0%
La France est-elle plus grande que la Suède ? Oui
0%
La France est-elle plus grande que l'Ukraine ? Oui
0%
Aucun quiz correspondant
Distribution des résultats
% des personnes avec chaque résultat
Percentile par nombre de réponses
Votre historique - résultats
Vous n’avez pas pris ce quiz